000 00290nam a2200109Ia 4500
008 220216s9999 xx 000 0 und d
100 _aMohanakumar S
245 0 _aAnalysis of farmers suicides in Kerala
260 _bEconomic and Political Weekly
_c2006
300 _a1553-1558
942 _cBS
999 _c52190
_d52190